<?xml version="1.0" encoding="UTF-8"?><?xml-stylesheet type="text/xsl" href="static/style.xsl"?><OAI-PMH xmlns="http://www.openarchives.org/OAI/2.0/" xmlns:xsi="http://www.w3.org/2001/XMLSchema-instance" xsi:schemaLocation="http://www.openarchives.org/OAI/2.0/ http://www.openarchives.org/OAI/2.0/OAI-PMH.xsd"><responseDate>2026-04-17T03:44:29Z</responseDate><request verb="GetRecord" identifier="oai:www.recercat.cat:11351/12571" metadataPrefix="marc">https://recercat.cat/oai/request</request><GetRecord><record><header><identifier>oai:recercat.cat:11351/12571</identifier><datestamp>2025-10-24T10:44:55Z</datestamp><setSpec>com_2072_378070</setSpec><setSpec>com_2072_378040</setSpec><setSpec>col_2072_378092</setSpec></header><metadata><record xmlns="http://www.loc.gov/MARC21/slim" xmlns:dcterms="http://purl.org/dc/terms/" xmlns:xsi="http://www.w3.org/2001/XMLSchema-instance" xmlns:doc="http://www.lyncode.com/xoai" xsi:schemaLocation="http://www.loc.gov/MARC21/slim http://www.loc.gov/standards/marcxml/schema/MARC21slim.xsd">
   <leader>00925njm 22002777a 4500</leader>
   <datafield ind2=" " ind1=" " tag="042">
      <subfield code="a">dc</subfield>
   </datafield>
   <datafield ind2=" " ind1=" " tag="720">
      <subfield code="a">Llado, Laura</subfield>
      <subfield code="e">author</subfield>
   </datafield>
   <datafield ind2=" " ind1=" " tag="720">
      <subfield code="a">Cachero, Alba</subfield>
      <subfield code="e">author</subfield>
   </datafield>
   <datafield ind2=" " ind1=" " tag="720">
      <subfield code="a">Colmenero, Jordi</subfield>
      <subfield code="e">author</subfield>
   </datafield>
   <datafield ind2=" " ind1=" " tag="720">
      <subfield code="a">Del Hoyo, Javier</subfield>
      <subfield code="e">author</subfield>
   </datafield>
   <datafield ind2=" " ind1=" " tag="720">
      <subfield code="a">Bilbao, Itxarone</subfield>
      <subfield code="e">author</subfield>
   </datafield>
   <datafield ind2=" " ind1=" " tag="720">
      <subfield code="a">Campos Varela, Isabel</subfield>
      <subfield code="e">author</subfield>
   </datafield>
   <datafield ind2=" " ind1=" " tag="260">
      <subfield code="c">2025-02-10T09:15:21Z</subfield>
   </datafield>
   <datafield ind2=" " ind1=" " tag="260">
      <subfield code="c">2025-02-10T09:15:21Z</subfield>
   </datafield>
   <datafield ind2=" " ind1=" " tag="260">
      <subfield code="c">2024</subfield>
   </datafield>
   <datafield ind2=" " ind1=" " tag="520">
      <subfield code="a">Consensus; Waiting list prioritization; Liver transplantation</subfield>
   </datafield>
   <datafield ind2=" " ind1=" " tag="520">
      <subfield code="a">Consens; Llistes d'espera; Trasplantament hepàtic</subfield>
   </datafield>
   <datafield ind2=" " ind1=" " tag="520">
      <subfield code="a">Consenso; Listas de espera; Trasplante hepático</subfield>
   </datafield>
   <datafield ind2=" " ind1=" " tag="520">
      <subfield code="a">Spain is worldwide leader in deceased donation rates per million habitants and count on a strong network of twenty-five liver transplant institutions. Although the access to liver transplantation is higher than in other countries, approximately 10% of patients qualifying for liver transplantation in Spain will die in the waiting list or would be excluded due to clinical deterioration. A robust waiting list prioritization system is paramount to grant the sickest patients with the first positions in the waiting list for an earlier access to transplant. In addition, the allocation policy may not create or perpetuate inequities, particularly in a public and universal healthcare system. Hitherto, Spain lacks a unique national allocation system for elective liver transplantation. Most institutions establish their own rules for liver allocation and only two autonomous regions, namely Andalucía and Cataluña, share part of their waiting list within their territory to provide regional priority to patients requiring more urgent transplantation. This heterogeneity is further aggravated by the recently described sex-based disparities for accessing liver transplantation in Spain, and by the expansion of liver transplant indications, mainly for oncological indications, in absence of clear guidance on the optimal prioritization policy. The present document contains the recommendations from the first consensus of waiting list prioritization for liver transplantation issued by the Spanish Society of Liver Transplantation (SETH). The document was supported by all liver transplant institutions in Spain and by the Organización Nacional de Trasplantes (ONT). Its implementation will allow to homogenize practices and to improve equity and outcomes among patients with end-stage liver disease.</subfield>
   </datafield>
   <datafield ind2=" " ind1=" " tag="520">
      <subfield code="a">The Spanish Society of Liver Transplantation (SETH) covered the expenses of the consensus meeting, which took place on the 26th of April 2024, in Madrid. The GEMA project was funded by the “Ministerio de Ciencia e Innovación (Spain)”, by the “Instituto de Salud Carlos III” (Proyecto PI22/00312), and co-funded by the European Union. None of the funding agents had any role in the elaboration of the present manuscript, nor in its content. The SETH consensus group would like to acknowledge Mrs. Paloma Bellés for her excellent labour as lead of the SETH technical secretariat.</subfield>
   </datafield>
   <datafield ind1="8" ind2=" " tag="024">
      <subfield code="a">http://hdl.handle.net/11351/12571</subfield>
   </datafield>
   <datafield tag="653" ind2=" " ind1=" ">
      <subfield code="a">Hospitals - Llistes d'espera</subfield>
   </datafield>
   <datafield tag="653" ind2=" " ind1=" ">
      <subfield code="a">Decisió de grup</subfield>
   </datafield>
   <datafield tag="653" ind2=" " ind1=" ">
      <subfield code="a">Fetge - Trasplantació</subfield>
   </datafield>
   <datafield tag="653" ind2=" " ind1=" ">
      <subfield code="a">Medicina - Societats, etc.</subfield>
   </datafield>
   <datafield tag="653" ind2=" " ind1=" ">
      <subfield code="a">PSYCHIATRY AND PSYCHOLOGY::Behavior and Behavior Mechanisms::Psychology, Social::Group Processes::Consensus</subfield>
   </datafield>
   <datafield tag="653" ind2=" " ind1=" ">
      <subfield code="a">ANALYTICAL, DIAGNOSTIC AND THERAPEUTIC TECHNIQUES, AND EQUIPMENT::Surgical Procedures, Operative::Digestive System Surgical Procedures::Surgical Procedures, Operative::Surgical Procedures, Operative::Liver Transplantation</subfield>
   </datafield>
   <datafield tag="653" ind2=" " ind1=" ">
      <subfield code="a">HEALTH CARE::Health Care Economics and Organizations::Organizations::Societies::Societies, Medical</subfield>
   </datafield>
   <datafield tag="653" ind2=" " ind1=" ">
      <subfield code="a">HEALTH CARE::Health Services Administration::Organization and Administration::Appointments and Schedules::Waiting Lists</subfield>
   </datafield>
   <datafield tag="653" ind2=" " ind1=" ">
      <subfield code="a">PSIQUIATRÍA Y PSICOLOGÍA::conducta y mecanismos de la conducta::psicología social::procesos de grupo::consenso</subfield>
   </datafield>
   <datafield tag="653" ind2=" " ind1=" ">
      <subfield code="a">TÉCNICAS Y EQUIPOS ANALÍTICOS, DIAGNÓSTICOS Y TERAPÉUTICOS::intervenciones quirúrgicas::procedimientos quirúrgicos del sistema digestivo::intervenciones quirúrgicas::intervenciones quirúrgicas::trasplante de hígado</subfield>
   </datafield>
   <datafield tag="653" ind2=" " ind1=" ">
      <subfield code="a">ATENCIÓN DE SALUD::economía y organizaciones para la atención de la salud::organizaciones::sociedades::sociedades médicas</subfield>
   </datafield>
   <datafield tag="653" ind2=" " ind1=" ">
      <subfield code="a">ATENCIÓN DE SALUD::administración de los servicios de salud::organización y administración::citas y programación::listas de espera</subfield>
   </datafield>
   <datafield ind2="0" ind1="0" tag="245">
      <subfield code="a">First consensus document of waiting list prioritization for liver transplantation by the Spanish Society of Liver Transplantation (SETH)</subfield>
   </datafield>
</record></metadata></record></GetRecord></OAI-PMH>